000 00547nam a2200145Ia 4500
008 140724s9999 xx 000 0 und d
050 _aHF 5549.5
_b.Sa237 2006
100 _aSantos, Maria Fatiam A.
245 4 _aThe perception on behavior modification theory at Matapay Agro-Marine Development Corporation /
_cMaria Fatimah A. Santos.
260 _aLas PiƱas, Philippines :
_bSouthville International School and Colleges,
_cc2006.
300 _a87 p. :
_bill. ;
_c28 cm.
521 _aHuman Resource Management
942 _cTH
999 _c228923
_d228923